Natural rubber trade in India : Emerging trends in the post-reforms phase (Record no. 63648)

MARC details
000 -LEADER
fixed length control field 00578nam a2200157Ia 4500
100 ## - MAIN ENTRY--AUTHOR NAME
Personal name Veeraputhran S
245 #0 - TITLE STATEMENT
Title Natural rubber trade in India : Emerging trends in the post-reforms phase
260 ## - PUBLICATION, DISTRIBUTION, ETC. (IMPRINT)
Name of publisher Proceedings of the International Seminar on Agro-Industrial Global Commodity Chains : Implecations for business strategies and policies in Kerala 18-19 September, 2003.
650 ## - SUBJECT ADDED ENTRY--TOPICAL TERM
Topical Term India
650 ## - SUBJECT ADDED ENTRY--TOPICAL TERM
Topical Term Rubber cultivation
650 ## - SUBJECT ADDED ENTRY--TOPICAL TERM
Topical Term Rubber trade
700 ## - ADDED ENTRY--PERSONAL NAME
Personal name George K T
856 ## - ELECTRONIC LOCATION AND ACCESS
Uniform Resource Identifier Rprint Abst onl
942 ## - ADDED ENTRY ELEMENTS (KOHA)
Koha item type Journals
Holdings
Withdrawn status Lost status Damaged status Not for loan Home library Current library Shelving location Date acquired Koha item type
      Journals RRII Library RRII Library Agricultural economics 17/12/2021 Journals